Demasiado íntimo / (Record no. 57204)

MARC details
000 -LEADER
campo de control de longitud fija 00622nam a2200205 i 4500
001 - NÚMERO DE CONTROL
campo de control 57204
003 - IDENTIFICADOR DE NÚMERO DE CONTROL
campo de control ES-MaACL
007 - CAMPO FIJO DE DESCRIPCIÓN FÍSICA--INFORMACIÓN GENERAL
campo de control de longitud fija t|
008 - DATOS DE LONGITUD FIJA--INFORMACIÓN GENERAL
campo de control de longitud fija 031015s1954 sp ||||1| spa d
100 1# - ENTRADA PRINCIPAL--NOMBRE DE PERSONA
Nombre de persona Fallada, Hans.
9 (RLIN) 48760
245 10 - MENCIÓN DEL TÍTULO
Título Demasiado íntimo /
Mención de responsabilidad, etc. Hans Fallada ; [traducción del alemán por Rafael Olivar].
260 ## - PUBLICACIÓN, DISTRIBUCIÓN, ETC.
Lugar de publicación, distribución, etc. Barcelona :
Nombre del editor, distribuidor, etc. Planeta,
Fecha de publicación, distribución, etc. 1954 (
Fabricante Pulcra)
300 ## - DESCRIPCIÓN FÍSICA
Extensión 316 p. ;
Dimensiones 20 cm.
490 1# - MENCIÓN DE SERIE
Mención de serie Goliat ;
Designación de volumen o secuencia 86
500 ## - NOTA GENERAL
Nota general El traductor tomado al v. de la port.
700 1# - ENTRADA AGREGADA--NOMBRE PERSONAL
Nombre de persona Olivar, Rafael.
9 (RLIN) 86760
830 0# - PUNTO DE ACCESO ADICIONAL DE SERIE-TÍTULO UNIFORME
Título uniforme Goliat ;
Designación de volumen o secuencia 86
9 (RLIN) 181396
852 ## - LOCALIZACIÓN
Ubicación ES-MaACL
Número de control de estantería C-8814
Sublocalización o colección R.36390
Holdings
Estatus retirado Estado de pérdida Estado de daño No para préstamo Biblioteca de origen Biblioteca actual Ubicación en estantería Fecha de adquisición Fuente de adquisición Total de préstamos Signatura topográfica completa Código de barras Visto por última vez Precio de reemplazo Tipo de ítem Koha
        Biblioteca del Ateneo de Madrid Biblioteca del Ateneo de Madrid Sala Palomar 17/01/2008     C-8814 1060062 23/02/2023 23/02/2023 Libro impreso